000 00590nam a2200205Ia 4500
005 20250508165339.0
008 008 250505s9999 xx 000 0 eng d
020 _a978-93-80607-28-3
037 _aTextual
040 _aFEDL
_beng
_cFEDL
041 _aeng
_2eng
084 _a378.954, DAY
_qFEDL
100 _aDayal Ishwar
245 0 _aUniversity education in India: Issues, implications and alternatives
260 _aNew Delhi, India
_bAne Books
_c2009
300 _aix, 146p.
365 _aINR
_b495
942 _cTEXL
_h378.954, DAY
999 _c1394593
_d1394593